| 000 | 00746nam a22002177a 4500 | ||
|---|---|---|---|
| 999 |
_c17730 _d17730 |
||
| 003 | AR-CdUCM | ||
| 008 | 190509b ||||| |||| 00| 0 spa d | ||
| 040 |
_aMUNICIPALIDAD PROVINCIAL DEL CUSCO _cBIBLIOTECA MUNICIPAL DEL CUSCO |
||
| 082 |
_a170 / _bD323 |
||
| 100 |
_aDeshumbert, M _937881 |
||
| 245 |
_aMoral universal : _bFundada en las leyes de la naturaleza / |
||
| 260 |
_aBuenos Aires : _bMaucci, _c1065. |
||
| 300 |
_a221 páginas ; _c20 cm. |
||
| 505 | _aContenido : Exposición de la teoría -- Deberes con el cuerpo -- Deberes con la inteligencia. | ||
| 650 |
_aAnálisis de la moral _937882 |
||
| 650 |
_aReligión _91195 |
||
| 650 |
_aObjeción _937883 |
||
| 700 |
_aMorayta, Miguel _937884 |
||
| 942 |
_2ddc _cLIBROS |
||
| 945 | _arcc | ||